000 00349nam a22001577a 4500
003 MPLRDC
005 20220104124323.0
008 210129b ||||| |||| 00| 0 eng d
082 _a428 LMM
100 _a林明美编著
245 _a婴儿与体操
_c
260 _a
_b五星出版社
_c
300 _b
650 _a
942 _cBK
_o428 LMM
999 _c18399
_d18389